Responses for Show #5483 - Wednesday, June 11, 2008

Donna Vogel game 5.

Contestants

[<< previous game]

Dino Buenviaje, a grad student from Riverside, California

Debbie Barnes, an administrative assistant from New York, New York

Donna Vogel, a scientist from Bethesda, Maryland (whose 4-day cash winnings total $85,299)

[next game >>]

Jeopardy! Round responses

THE CONTINENT...
LEGS
GOOD DOGGIE
BEVERAGES
CROSSWORD CLUES "T"
GEEK SQUAD
    $200 11
Europe

Dino
    $200 6
Tina Turner

Debbie
    $200 21
Marmaduke

Dino
    $200 1
Gatorade

Donna
    $200 16
true

Dino
    $200 26
PlayStation 3

Debbie
    $400 12
Africa

Donna
    $400 7
David Beckham

Donna
    $400 22
greyhounds

Debbie
    $400 2
root beer

Donna
    $400 17
a tumbler

Debbie
    $400 27
third generation

Donna
    $600 13
South America

Debbie
    $600 8
Betty Grable

Debbie
    $600 23
Saint Bernard

Dino
    $600 3
Sprite

Debbie
    $600 18
tinker

Donna
    $600 28
a router

Donna
    $800 14
Antarctica

Dino
    $800 9
(Michael) Flatley

Donna
    $800 24
Jonny Quest

Triple Stumper
    $800 4
Mountain Dew

Debbie
    $800 19
tug

Donna
    $800 29
power-line networking

Triple Stumper
    $1000 15
Asia

Donna
    $1000 10
Cyd Charisse

Debbie
    $1,700 25
Cerberus

Dino
    $1000 5
Arizona

Donna
    $1000 20
tribune

Dino
    $1000 30
serial

Dino

Scores at the first commercial break (after clue 15):

Donna Debbie Dino
$4,200 $3,800 $1,000

Scores at the end of the Jeopardy! Round:

Donna Debbie Dino
$6,600 $4,800 $5,700

Double Jeopardy! Round responses

OPERA
SPORTS
ANIMALS
WOMEN AUTHORS
STUPID ANSWERS
THE JOY OF "SAC"s
    $400 1
Paris

Debbie
    $400 23
Indiana

Donna
    $400 5
duck bill

Dino
    $400 17
(Willa) Cather

Dino
    $400 11
"The Missouri Waltz"

Debbie
    $400 12
Sacagawea

Dino
    $800 2
Madame Butterfly

Debbie
    $800 24
a swim

Debbie
    $800 7
tadpoles

Donna
    $800 18
Anne Rice

Donna
    $800 13
(Donna: What's the Biloxi?)

the Neil Simon Theatre

DonnaDebbie
    $800 19
Sacramento

Donna
    $3,000 3
(Alex: [*], of [*] and Bess. Nice that Gershwin wrote just the one opera!)

Porgy

Debbie
    $1200 25
the Patriots

Dino
    $1200 8
a Gila monster

Donna
    $1200 26
Margaret Atwood

Debbie
    $1200 14
Arm & Hammer

Donna
    $1200 20
(Nicola) Sacco

Donna
    $1600 4
Tristan and Isolde

Donna
    $9,000 29
Formula One

Debbie
    $1600 9
the mask

Donna
    $1600 27
Dorothy Sayers

Triple Stumper
    $1600 15
Ha

Donna
    $1600 21
saccharide

Donna
    $2000 6
(Debbie: Who is Leoncavello?)
(Dino: Who is Leoncavallo?)

(Pietro) Mascagni

DebbieDino
Triple Stumper
    $2000 30
the National Hockey League (NHL)

Triple Stumper
    $2000 10
(Dino: What is a manatee?)

a deer

DonnaDino
    $2000 28
Rita Mae Brown

Triple Stumper
    $2000 16
(Dino: What is Prozorov?)

The Three Sisters

DebbieDino
    $2000 22
a sackbut

Triple Stumper

Scores at the end of the Double Jeopardy! Round:

Donna Debbie Dino
$20,600 $21,200 $2,100

[wagering suggestions for these scores]

Final Jeopardy! Round responses

MOVIE STARS
DinoWho was Orson Welles?
$2,098
DonnaWho was Jimmy Stewart?
$16,300
DebbieWho is James Dean?
$20,001
James Dean

Final scores:

Donna Debbie Dino
$4,300 $41,201 $2
2nd place: $2,000 New champion: $41,201 3rd place: $1,000

Game dynamics:

Coryat scores:

Donna Debbie Dino
$20,600 $12,000 $1,400
23 R,
1 W
18 R
(including 2 DDs),
1 W
12 R
(including 1 DD),
3 W

Combined Coryat: $34,000

[game clues] [game scores] [suggest correction]

Game tape date: 2008-02-28
The J! Archive is created by fans, for fans. Scraping, republication, monetization, and malicious use prohibited; this site may use cookies and collect identifying information. See terms. The Jeopardy! game show and all elements thereof, including but not limited to copyright and trademark thereto, are the property of Jeopardy Productions, Inc. and are protected under law. This website is not affiliated with, sponsored by, or operated by Jeopardy Productions, Inc. Join the discussion at JBoard.tv.